000 00796nas a2200277 4500
001 BR2016004133
003 BR-BrBNA
005 20231205130632.0
007 ta
008 230509b bl.|||p| |||| 00| 00por d
040 _aBR-BrBNA
_bpor
_cBiblioteca Nacional de Agricultura
041 _a(PT)
072 _aF50
100 1 _aRodrigues, R.S.
100 1 _aLuizi-Ponzo, A.P.
245 1 _aPalinologia de espécies selecionadas da família Pottiaceae (Bryophyta)
650 _aESPÉCIE
650 _aMUSGO
650 _aESPORO
650 _aPOLEN
650 _aPROPAGAÇÃO VEGETATIVA
650 _aTAXONOMIA
773 0 _tPesquisas. Botânica (Brazil)
_xISSN 0373-840X
_g(2105), no. 67 p. 303-317
_wBR2016004133
909 _a202311
_bLúcia
_c55
_dLúcia Elande
942 _2AGRIS
_n0
_cANA
999 _c250458
_d250458